000 00498nam a22001697a 4500
003 OSt
005 20241030203022.0
008 241030b |||||||| |||| 00| 0 eng d
020 _a0874758394
040 _c.
050 _aQ121
_b.G764
245 _aGrowing up with science/
_bthe illustrated encyclopedia of invention
250 _aVol.22
260 _aTarrytown, New York
_bWebsters Unified H. S. Stuttman Inc.
_c1990
300 _a1937-2028pages
_bill. some color
_c26cm
942 _2lcc
_cBK
_eVol.22
_n0
999 _c416
_d416